00598nam a2200169Ia 4500008004100000020001800041041000800059082001700067100002200084245009400106250000600200260004100206300001300247650002300260999001900283952012600302210716s2013 xx 000 0 und d a9788126531288 aeng a658.404 FINJ aFinnerty, John D. aProject financing: asset based financial engineering.bAsset based financial engineering. a2 aNew DelhibWiley India Pvt Ltdc2013 axvii,476 aProject Management c208323d208323 001040708MBAaAIMITbAIMITd2013-12-19g599.00l0o658.404 FINJpMBA10889r2026-05-23 00:00:00v449.25w2021-07-16yBK